LIBRARY & INFORMATION CENTRE, KCAET, TAVANUR

ONLINE PUBLIC ACCESS CATALOGUE (OPAC)

Gazetter of India: Kerala state gazatteer vol-3 / (Record no. 8860)

MARC details
000 -LEADER
fixed length control field 00502cam a2200181ua 4500
020 ## - INTERNATIONAL STANDARD BOOK NUMBER
ISBN 81 85499 18 7
041 ## - LANGUAGE CODE
Language code of text/sound track or separate title eng
082 ## - DEWEY DECIMAL CLASSIFICATION NUMBER
Classification number 028.7912
Item number BAL/GA
100 ## - MAIN ENTRY--AUTHOR NAME
Personal name Balakrishnan, A .
245 ## - TITLE STATEMENT
Title Gazetter of India: Kerala state gazatteer vol-3 /
250 ## - EDITION STATEMENT
Edition statement 1 /
260 ## - PUBLICATION, DISTRIBUTION, ETC. (IMPRINT)
Place of publication Trivandrum :
Name of publisher State editor Kerala gazetters ,
Year of publication 1989.
300 ## - PHYSICAL DESCRIPTION
Number of Pages 779 ; .
942 ## - ADDED ENTRY ELEMENTS (KOHA)
Koha item type Books
Holdings
Withdrawn status Lost status Damaged status Home library Current library Date acquired Full call number Accession Number Koha item type
      KAUAET   07/04/2012 028.7912 18034 Books
free website counter